000 00573nam a2200205Ia 4500
005 20250701164506.0
008 008 250505s9999 xx 000 0 eng d
020 _a9781032018263
037 _aTextual
040 _aEASL
_beng
_cEASL
041 _aeng
_2eng
084 _aV41:191, R2
_qEASL
100 _aTemiz Kadir Au.
_9815039
245 0 _aChinese Foreign Policy Toward the Middle East
260 _aUSA
_bLondon Routledge NY
_c2022
300 _a210pg
365 _aUK
_b13,607 rps
942 _cTEXL
_hV41:191, R2
999 _c1433260
_d1433260